MDQL
is popping MORE tags! Check the
thread
!
Quizzes
Events
Quiz Creation
Community
Videos
Private Events
Remove Ads
Sign In
Join for FREE
Feedback
Dark Mode
Quiz Categories
Sports
Geography
Music
Movies
Television
Just For Fun
Miscellaneous
History
Literature
Language
Science
Gaming
Entertainment
Religion
Holiday
For Kids
Quiz Lab
Recent
Popular Today
Quiz Kudos Today
Editor Picks
Curator Picks
Quizzes by...
Day
Popularity
Type
Ratings
Length
Year
Community
Subscriptions
Recent Discussions
Orange Saloon
Badges
Playlists
Quests
Create
Leaderboards
Showdown
Live 5
Trivia Bingo
Activity
Puzzle Library
Sporcle Events
Private Events
Virtual Trivia
Globe League
Become a Host
Pub Owners
SporcleCon
Opinionation
Our Games
Videos
Blog
Mobile Apps
Partnerships
Remove Ads and Go Orange
Feedback
Music
Pop Music
The Beatles
Song
Album
Lyrics
Bands
Singers
Artist
Clip
Rock
Rap
Classical
Billboard
Country Music
Kpop
Taylor Swift
Music
Pop Music
The Beatles
Song
Album
Lyrics
Bands
Singers
Artist
Clip
Rock
Rap
Classical
Billboard
Country Music
Kpop
Taylor Swift
Random Quiz
Search Sporcle
×
Quiz Lab
Quiz Lab
Music
Album
Type in answers that appear in a list
Type in answers that appear in a list
Classic
Best Score? Go Orange.
Songs on Jimmy Buffett's SYKBH album Stats
Can you name the Songs on Jimmy Buffett's 'Songs You Know By Heart' album?
By
thekaraokeking
4m
13 Questions
216 Plays
216 Plays
216 Plays
Comments
Comments
Give Quiz Kudos
Give Quiz Kudos
-
- Ratings
hide this ad
Replay
Link that replays current quiz
Next Quiz
Link to next quiz in quiz playlist
You Got
0%
They Got
Avg Score
61%
Avg Friend Score
Upgrade to see
Score Distribution
Jump to the score distribution portion of the page
Score
0/13
Timer
04:00
0
Plays Today
songs
% Correct
Margaritaville
88.4%
Cheeseburger in Paradise
84.3%
Volcano
81%
Fins
75%
Son of a Son of a Sailor
73.6%
Come Monday
69%
A Pirate Looks at Fourty
63.4%
Why Don't We Get Drunk
62.5%
He Went to Paris
57.9%
Boatdrinks
57.4%
Grapefruit, Juicy Fruit
50.9%
Pencil Thin Moustache
31.5%
Changes in Lattitude, Changes in Attitudes
10.6%
Quiz Playlist
Details
Report
Send in Message
Add To Playlist
Classic:
Type in answers that appear in a list
Last Updated: Feb 16, 2017
Quiz Scoreboard
CHALLENGE
Sign Up to Join the Scoreboard
Show All
Scores
Hide
Comments
May contain spoilers
Recently Published
Find the 'City' Movie
by crazypaving
Movies
60s
5x2 Blitz: Bands
by SL_Kpop136
Music
30s
Colored Red Africa Blitz
by spor1
Geography
30s
More to Explore
Quiz From the Vault
Featured Blog Post
14 Easter Pick-up Lines to Find Eggs With
hide this ad
You Might Also Like...
Tags
Album Quiz
Song Quiz
buffett
heart
Jimmy
Jimmy Buffett
original
Today's Top Quizzes in Music
Browse Music
hide this ad
Today's Top Quizzes in Album
Browse Album
Top Contributed Quizzes in Music
1
5X2 Blitz: Bands II
2
Taylor Swift Logic Puzzle II
3
Taylor Swift All Songs (2024)
4
5X2 Blitz: The Beatles
5
5X2 Blitz: Billboard
6
5X2 Blitz: Singers
7
5X2 Blitz: Album
8
5X2 Blitz: Rock
9
Music Artist by Three 2010s hits
10
5X2 Blitz: Billboard II
Explore More
Trending Topics
Marvel
Kpop
Harry Potter
Crossword
NBA
Anime
Disney
WWE
NFL
Pokémon
The Office
Puzzle
Song
Soccer
Country
hide this ad
More By:
thekaraokeking
Quiz
Plays
Rating
Category
Featured
Created
Most Tortured Sports Franchises
6,368
2.65
Sports
Feb 1, 2010
Movies based on Stephen King stories
1,708
4.11
Movies
Jan 19, 2010
Most Tortured Sports Cities
1,105
3.20
Sports
Feb 11, 2010
Cities with defunct nfl football teams
311
4.40
Sports
Jan 19, 2010
Kings of Leon Song Catalog
233
5.00
Music
Jan 20, 2010
Go to Creator's Profile
Score Distribution
Quiz Creator Spotlight
thekaraokeking
Follow
Send a Message
Quizzes Created
-
Created Quiz Play Count
-
More By This Creator
Popular Quizzes Today
1
Find the 'City' Movie
2
Colored Red Africa Blitz
3
5x2 Blitz: Bands
4
Find the US States - No Outlines Minefield
5
The Countries of the World
6
Find the US States
7
US States
8
9x9 Crossword: Cartoon Network
More Music Quizzes
30 Two-Word 'S' Musicians Match-Up
Published
Trending Quizzes
Colored Red Europe Blitz I
Colored Red Africa Blitz II
Colored Red Europe Blitz II
Colored Red Europe Blitz III
Colored Red Africa Blitz III
Recently Updated
Famous TV Couples
Peacemaker
Champions League XIs: Real Madrid
pecheneg
Largest US Cities 1790-2010
pecheneg
Rides in Walt Disney World
pecheneg
Most Oscar Losses (Acting)
pecheneg
Beyoncé Albums
pecheneg
Leaping Animals
pecheneg
Reality TV Shows (A-Z)
bhenderson79
Rickey Henderson's Hall of Fame Teammates
pecheneg
Champions League XIs: Arsenal
pecheneg
Trending Topics
Harry Potter
Disney
NBA
Crossword
Kpop
Marvel
Anime
WWE
Puzzle
Pokémon
NFL
Country
The Office
Song
Soccer
Your Account Isn't Verified!
In order to create a playlist on Sporcle, you need to verify the email address you used during registration. Go to your
Sporcle Settings
to finish the process.
Report this User
Report this user for behavior that violates our
Community Guidelines
.
Details:
Send Report
Go to the Sporcle.com Mobile Site →
Comments